La flor de lis (Record no. 54872)

MARC details
000 -LEADER
campo de control de longitud fija 00778nam a22001935i 4500
001 - NÚMERO DE CONTROL
campo de control 54872
003 - IDENTIFICADOR DE NÚMERO DE CONTROL
campo de control ES-MaACL
005 - FECHA Y HORA DE LA ÚLTIMA TRANSACCIÓN
campo de control 20230906163035.0
007 - CAMPO FIJO DE DESCRIPCIÓN FÍSICA--INFORMACIÓN GENERAL
campo de control de longitud fija t|
008 - DATOS DE LONGITUD FIJA--INFORMACIÓN GENERAL
campo de control de longitud fija 980504s1878 sp ||||1| spa d
040 ## - FUENTE DE CATALOGACIÓN
Centro catalogador/agencia de origen CAM
Lengua de catalogación spa
Centro/agencia transcriptor CAM
100 1# - ENTRADA PRINCIPAL--NOMBRE DE PERSONA
Nombre de persona Gamayo, Angel.
9 (RLIN) 140009
245 13 - MENCIÓN DEL TÍTULO
Título La flor de lis
Resto del título : crónica histórica de los doce Alfonsos de Castilla y de León y de las augustas reinas católicas que compartieron con cada uno de estos reyes el tálamo y el trono de la monarquía española ... /
Mención de responsabilidad, etc. escrita por Angel Gamayo y Catalán.
260 ## - PUBLICACIÓN, DISTRIBUCIÓN, ETC.
Lugar de publicación, distribución, etc. Madrid :
Nombre del editor, distribuidor, etc. [s.n.],
Fecha de publicación, distribución, etc. 1878 (
Fabricante imprenta de Antonio Perez Dubrull)
300 ## - DESCRIPCIÓN FÍSICA
Extensión 96 p. ;
Dimensiones 23 cm.
650 #4 - PUNTO DE ACCESO ADICIONAL DE MATERIA--TÉRMINO DE MATERIA
Término de materia o nombre geográfico como elemento de entrada Reinas-
Subdivisión geográfica España.
9 (RLIN) 136818
651 #4 - PUNTO DE ACCESO ADICIONAL DE MATERIA--NOMBRE GEOGRÁFICO
Nombre geográfico España-
Subdivisión general Reyes y soberanos.
9 (RLIN) 8492
852 ## - LOCALIZACIÓN
Ubicación ES-MaACL
Número de control de estantería T-926-F-4
Holdings
Estatus retirado Estado de pérdida Estado de daño No para préstamo Colección Biblioteca de origen Biblioteca actual Ubicación en estantería Fecha de adquisición Fuente de adquisición Total de préstamos Signatura topográfica completa Código de barras Visto por última vez Precio de reemplazo Tipo de ítem Koha
        Colección de folletos Biblioteca del Ateneo de Madrid Biblioteca del Ateneo de Madrid Depósito folletos 17/01/2008     T-926-F-4 1057661 23/02/2023 23/02/2023 Folleto